Ost-West Joint Ventures auf dem Prüfstand

Gespeichert in:
Bibliographische Detailangaben
Format: Buch
Sprache:Deutsch
Veröffentlicht: Wien Manz 1989
Ausgabe:1. Aufl.
Schlagworte:
Tags: Tag hinzufügen
Keine Tags, Fügen Sie das erste Tag hinzu!

MARC

LEADER 00000nam a2200000 4500
001 c001437
005 20221215124745.5
020 |a 3-214-08207-8 
041 0 |a ger 
044 |a AT 
245 1 0 |a Ost-West Joint Ventures auf dem Prüfstand 
250 |a 1. Aufl. 
264 1 |a Wien  |b Manz  |c 1989 
300 |a 270 s. 
610 2 0 |a joint ventures 
610 2 0 |a trh zahraničný 
610 2 0 |a východná Európa 
610 2 0 |a západná Európa 
610 2 0 |a reformy hospodárske 
610 2 0 |a obchod zahraničný 
610 2 0 |a plánovanie 
610 2 0 |a manažment 
610 2 0 |a IIASA 
610 2 0 |a hospodárstvo podnikové 
610 2 0 |a riadenie podnikové 
610 2 0 |a normy právne